MDQL
is popping MORE tags! Check the
thread
!
Quizzes
Events
Quiz Creation
Community
Videos
Private Events
Remove Ads
Sign In
Join for FREE
Feedback
Dark Mode
Quiz Categories
Sports
Geography
Music
Movies
Television
Just For Fun
Miscellaneous
History
Literature
Language
Science
Gaming
Entertainment
Religion
Holiday
For Kids
Quiz Lab
Recent
Popular Today
Quiz Kudos Today
Editor Picks
Curator Picks
Quizzes by...
Day
Popularity
Type
Ratings
Length
Year
Community
Subscriptions
Recent Discussions
Orange Saloon
Badges
Playlists
Quests
Create
Leaderboards
Showdown
Live 5
Trivia Bingo
Activity
Puzzle Library
Sporcle Events
Private Events
Virtual Trivia
Globe League
Become a Host
Pub Owners
SporcleCon
Opinionation
Our Games
Videos
Blog
Mobile Apps
Partnerships
Remove Ads and Go Orange
Feedback
Television
TV Characters
TV Show
Sitcom
Network
Friends
Reality Shows
Cast
South Park
Star Trek
The Simpsons
Doctor Who
Television
TV Characters
TV Show
Sitcom
Network
Friends
Reality Shows
Cast
South Park
Star Trek
The Simpsons
Doctor Who
Random Quiz
Search Sporcle
×
Quiz Lab
Quiz Lab
Television
Buffy the Vampire Slayer
Type in answers that appear in a list
Type in answers that appear in a list
Classic
Best Score? Go Orange.
Ultimate Buffy Trivia 2 Stats
Can you name the answers to the second installment of ultimate Buffy trivia?
By
RachWho
10m
30 Questions
3,317 Plays
3,317 Plays
3,317 Plays
Comments
Comments
Give Quiz Kudos
Give Quiz Kudos
-
- Ratings
hide this ad
More Info
Forced Order
Answers have to be entered in order
Answers have to be entered in order
Replay
Link that replays current quiz
Next Quiz
Link to next quiz in quiz playlist
You Got
0%
They Got
Avg Score
70%
Avg Friend Score
Upgrade to see
Score Distribution
Jump to the score distribution portion of the page
Score
0/30
Timer
10:00
0
Plays Today
Question
Answer
% Correct
Who calls Spike her 'blondie bear'?
Harmony Kendall
97.7%
Who is embarassed of his alcoholic, angry parents?
Xander
96.9%
What is the nickname for Buffy's group of demon-
fighting friends?
Scooby Gang
96.7%
Which watcher has a crush on Cordelia Chase?
Wesley Wyndam-Pryce
96.1%
Whose suicide attempt in the high school's bell tower does Buffy foil?
Jonathan Levinson
95%
How old was Buffy when she was activated as a slayer?
15 years old
94.1%
To whom does Buffy first reveal that she was in heaven, not hell, before her resurrection?
Spike
88.9%
Whose tongue piercing is a source of delight for Willow?
Kennedy
86.6%
What 'trophy' does Spike keep after murdering the slayer, Nikki Woods?
Her leather jacket
85.6%
Who tries to make Angel commit suicide in 'Amends'?
The First
83.6%
Besides Xander and sex, what makes Anya happiest?
Money
82.7%
What dance does Xander do to assure Willow it's really him in 'The Replacement'?
The Snoopy Dance
78.7%
What impending event causes Oz and Willow to finally have sex?
Graduation Day
78.2%
What was Angel's name before he became a vampire?
Liam
77.3%
Who is torn apart limb from limb by the demon biker gang?
Buffybot
75.4%
Question
Answer
% Correct
What are Tara's last words?
Your shirt.
74.7%
What is Buffy's father's name?
Hank Summers
74.5%
Which athletic, loud mouth student came out as gay to Xander in the locker room?
Larry Blaisdell
72.6%
Buffy's college roommate, Cathy, hangs a poster of what famous person in their room?
Celine Dion
65%
Who is Andrew Wells' brother?
Tucker Wells
61.8%
What two villains are responsible for the manufacture of the chocolate in 'Band Candy'?
Mr. Trick and Ethan Rayne
54.9%
What is ultimate cause of Joyce's death?
Brain aneurysm
54.8%
What is the name of the demon who paralyzes his victims and then eats their skin strip by skin?
Gnarl
51.1%
What does Cordelia's license plate read?
Queen C
50.5%
In 'What's My Line', what falls on Spike, leaving him wheelchair-
bound for some time?
A church organ
49.5%
What was the Inca Mummy Girl's name?
Ampata
49%
What was Halfrek's name before she became a vengeance demon?
Cecily Adams
48.5%
When Parker sees the scar on Buffy's neck from Angel, what does she claim bit her?
An angry puppy
48.1%
Besides Halfrek, who are Anya's bridesmaids for her ill-
fated wedding to Xander?
Buffy, Dawn and Tara
36.7%
What is Angel's last line of the series?
I ain't getting any older.
9.8%
Quiz Playlist
Details
Report
Send in Message
Add To Playlist
More Info:
If you like this, don't miss my original Buffy trivia quiz: http://www.sporcle.com/games/RachWho/ultimate_buffy_trivia
Classic:
Type in answers that appear in a list
Forced Order:
Answers have to be entered in order
Last Updated: Feb 16, 2017
Quiz Scoreboard
CHALLENGE
Sign Up to Join the Scoreboard
Show All
Scores
Hide
Comments
May contain spoilers
Recently Published
Famous 'C' Women
by xyz_
Entertainment
6m
Holiday 10x10 Sorting Gallery
by lukepisani3
Holiday
15m
Two Season TV Shows II
by 123Four
Television
10m
More to Explore
Quiz From the Vault
Featured Blog Post
14 Easter Pick-up Lines to Find Eggs With
hide this ad
You Might Also Like...
Tags
Buffy the Vampire Slayer
installment
second
ultimate
Today's Top Quizzes in Television
Browse Television
hide this ad
Today's Top Quizzes in Buffy the Vampire Slayer
Browse Buffy the Vampire Slayer
Top Contributed Quizzes in Television
1
Survivor Journey Challenge
2
Even More Two Season TV Shows
3
Adjectives in 00s TV Shows
4
Even More Three Season TV Shows
5
One Season TV Shows
6
Survivor Logic Puzzle: Heroes vs. Villains
7
Adjectives in 10s TV Shows
8
More One Season TV Shows
9
One Piece Logic Puzzle
10
Even More One Season TV Shows
Explore More
Trending Topics
NBA
Disney
Crossword
Marvel
Harry Potter
Kpop
Anime
Country
WWE
Song
Pokémon
The Office
Soccer
Puzzle
NFL
hide this ad
More By:
RachWho
Quiz
Plays
Rating
Category
Featured
Created
Before They Were Famous
83,729
3.40
Entertainment
Dec 16, 2010
Strange Foods (A-Z)
66,302
3.99
Miscellaneous
May 7, 2010
All You Can 'Ate'
60,905
4.04
Language
Dec 6, 2010
Mother's Day Word Morph
57,932
3.29
Holiday
May 6, 2011
Word Ladder: Billy Joel
50,492
4.03
Just For Fun
Mar 2, 2011
Go to Creator's Profile
Score Distribution
Quiz Creator Spotlight
RachWho
Follow
Send a Message
Quizzes Created
-
Created Quiz Play Count
-
More By This Creator
Popular Quizzes Today
1
Find the US States - No Outlines Minefield
2
Colored Red Africa Blitz
3
Find the 'City' Movie
4
The Countries of the World
5
Find the US States
6
5x2 Blitz: Bands
7
Find the Countries of Europe - No Outlines Minefield
8
US States
More Television Quizzes
Channel Surfing
Published
Trending Quizzes
Colored Red Europe Blitz I
Colored Red Europe Blitz II
Colored Red Africa Blitz II
Colored Red Africa Blitz III
Colored Red Europe Blitz III
Recently Updated
Odd Team Out - Big 4 Players
pecheneg
Quick Pick: 20 Twenties
pecheneg
March Madness Men's Triple Doubles
pecheneg
How Do You Spell That?
pecheneg
Godzilla Movies
pecheneg
Grab Bag: 4-10 Letters
pecheneg
2024 March Madness Bracket
pecheneg
Famous TV Couples
Peacemaker
Champions League XIs: Real Madrid
pecheneg
Largest US Cities 1790-2010
pecheneg
Trending Topics
Harry Potter
NBA
Kpop
Anime
Marvel
Crossword
Disney
Country
Soccer
Song
WWE
The Office
NFL
Puzzle
Pokémon
Your Account Isn't Verified!
In order to create a playlist on Sporcle, you need to verify the email address you used during registration. Go to your
Sporcle Settings
to finish the process.
Report this User
Report this user for behavior that violates our
Community Guidelines
.
Details:
Send Report
Go to the Sporcle.com Mobile Site →
Comments